000 00456nam a22001817a 4500
003 MPLRDC
005 20220104123709.0
008 210129b ||||| |||| 00| 0 eng d
020 _a957-8512-65-1
082 _a889 ROMA v.28
100 _a菲丝. 雪尔
245 _a半月人
_c林赛译
260 _a
_b精美出版社
_c1991
300 _b
490 _a丽心ROMANCE. 28
650 _a西洋小说之中文翻译
942 _cBK
_o889 ROMA v.28
999 _c13471
_d13461